000 00210nam a22000977a 4500
008 170126b xxu||||| |||| 00| 0 eng d
041 _aeng
080 _a61
245 _aNEOFAX 2010
_cYOUNG, TH.E
942 _2udc
_cBK
999 _c3737
_d3737